000 00593nam a2200241Ia 4500
003 OSt
005 20220924151827.0
006 a|||||r|||| 00| 0
007 ta
008 220923b |||||||| |||| 00| 0 tel d
020 _c50
024 _a339268
037 _cTextual
040 _aARTS
_cARTS
_btel
041 _2tel
_atel
082 _aV2'D, 35M8
100 _aThapar Romilla
_9225055
245 0 _aAshoka and the decline of the mauryas
260 _c1988
650 _aHISTORY
942 _hV2'D, 35M8
_cTEXL
_2CC
999 _c467786
_d467786